ARRUPE JESUIT UNIVERSITY

CORONAVIRUS -STOP THE SPREAD - CLEAN,DISINFECT,COVER

Die lasterhaften Balladen und Lieder des Francois Villon (Record no. 125494)

MARC details
000 -LEADER
fixed length control field 00523nam a22001577a 4500
008 - FIXED-LENGTH DATA ELEMENTS--GENERAL INFORMATION
fixed length control field 161013b xxu||||| |||| 00| 0 eng d
050 ## - LIBRARY OF CONGRESS CALL NUMBER
Classification number PQ1590.G3
100 ## - MAIN ENTRY--PERSONAL NAME
Personal name Villon, Francois
9 (RLIN) 26682
245 ## - TITLE STATEMENT
Title Die lasterhaften Balladen und Lieder des Francois Villon
Remainder of title Nachdichtung
Statement of responsibility, etc /Paul Zech and Francois Villon
260 ## - PUBLICATION, DISTRIBUTION, ETC. (IMPRINT)
Place of publication, distribution, etc Munchen
Name of publisher, distributor, etc Deutscher Taschenbuch Verlag
Date of publication, distribution, etc 1962
300 ## - PHYSICAL DESCRIPTION
Extent 176p. ;
Dimensions 18cm.
440 ## - SERIES STATEMENT/ADDED ENTRY--TITLE
Title DTV
Number of part/section of a work 43
9 (RLIN) 26683
600 ## - SUBJECT ADDED ENTRY--PERSONAL NAME
Personal name Villon, Francois
9 (RLIN) 26682
700 ## - ADDED ENTRY--PERSONAL NAME
Personal name Zech, paul
9 (RLIN) 26728
942 ## - ADDED ENTRY ELEMENTS (KOHA)
Source of classification or shelving scheme Library of Congress Classification
Item type Monograph ( Printed materials)
Holdings
Withdrawn status Lost status Source of classification or shelving scheme Damaged status Not for loan Collection code Home library Current library Shelving location Date acquired Total Checkouts Full call number Barcode Date last seen Price effective from Koha item type
    Library of Congress Classification     Main Collection ARRUPE LIBRARY ARRUPE LIBRARY Main Collection 13/10/2016   PQ1590.G3 46500010595 26/03/2019 13/10/2016 Monograph ( Printed materials)

 

Arrupe Library. PO Box MP320 Mt Pleasant, Harare, Zimbabwe
263 242 745411|librarian@aju.ac.zw